El derecho pb︢lico en perspectiva I Simposio Brasil-Cuba de Derecho Pb︢lico

Detalles Bibliográficos
Formato: eBook
Lenguaje:español
Publicado: La Habana: Unin̤ Nacional de Juristas de Cuba, 2016
Materias:
Acceso en línea:Acceso restringido

MARC

LEADER 00000nam a22000007a 4500
005 20170310003026.0
007 cr|||| ||||
008 170310s2016 cu |||||s|||| 00||0 spa d
020 |a 978-959-7219-40-8 
035 |a 14846 
040 |a vLex 
090 |c 6600  |d 6600 
245 0 2 |a El derecho pb︢lico en perspectiva  |h [Recurso electrn̤ico] :  |b I Simposio Brasil-Cuba de Derecho Pb︢lico 
256 |a Servicio en ln̕ea 
260 |a La Habana:  |b Unin̤ Nacional de Juristas de Cuba,  |c 2016 
300 |a 1 recurso electrn̤ico (445 p.) 
506 1 |a Disponible solo en los productos indicados  |d vLex Global  |d vLex Global (Academic Edition, excluding Law Schools)  |d vLex Global (U.S. Academic Edition, Law Schools)  |d vLex Global (U.S. Academic Edition, excluding Law Schools)  |d vLex Global (Academic Edition, Law Schools) 
650 0 4 |a Derecho Pb︢lico y Administrativo  |z Cuba 
740 0 |a vLex Libros (Servicio en ln̕ea) 
856 4 0 |u http://vlex.com/source/derecho-publico-perspectiva-i-simposio-brasil-cuba-derecho-publico-14846  |z Acceso restringido 
942 |c BOOK 
999 0 |a Public and Administrative Law